L'omosessualità

সংরক্ষণ করুন:
গ্রন্থ-পঞ্জীর বিবরন
প্রধান লেখক: Santangelo, Magda
বিন্যাস: গ্রন্থ
ভাষা:ইংরেজি
প্রকাশিত: Milano Xenia 1995
ট্যাগগুলো: ট্যাগ যুক্ত করুন
কোনো ট্যাগ নেই, প্রথমজন হিসাবে ট্যাগ করুন!

MARC

LEADER 00000nam a2200000 4500
005 20231128232358.0
008 231128b |||||||| |||| 00| 0 eng d
020 |a 8872731062 
040 |c C 
082 |a 306.766 
100 |a Santangelo, Magda 
245 |a L'omosessualità 
260 |a Milano  |b Xenia  |c 1995 
942 |2 ddc  |c BK  |n 0 
952 |0 0  |1 0  |2 ddc  |4 0  |6 306_766000000000000_SAN_OMO  |7 1  |9 364  |a GE  |b GE  |d 2023-11-23  |l 0  |o 306.766 SAN OMO  |p 4431  |r 2023-11-28 23:24:33  |w 2023-11-28  |y BK 
952 |0 0  |1 0  |2 ddc  |4 0  |6 306_766000000000000_SAN_OMO  |7 1  |9 3321  |a RN  |b RN  |d 2025-02-21  |e DONO RIMONDINI  |l 0  |o 306.766 SAN OMO  |p 10580  |r 2025-02-21 00:19:23  |w 2025-02-21  |y BK 
952 |0 0  |1 0  |2 ddc  |4 0  |6 306_766000000000000_SAN_OMO  |7 0  |9 4192  |a AN  |b AN  |d 2025-05-04  |l 0  |o 306.766 SAN OMO  |p 11369  |r 2025-05-04 14:31:39  |w 2025-05-04  |y BK 
999 |c 264  |d 264